Drets i deures dels estrangers : manual pràctic per a la convivència ciutadana manual pràctic per a la convivència ciutadana
ISBN:
84-7794-944-1
Descripción Física:
159 p. ; 24 cm
Materias:
Estrangers -- Drets civils -- Catalunya
MARC
| LEADER | 00000nam a2200000Ia 4500 | ||
|---|---|---|---|
| 001 | 15777 | ||
| 008 | 160829s2003 xx 000 0 cat d | ||
| 020 | |a 84-7794-944-1 | ||
| 080 | |a M-4-320 | ||
| 245 | |a Drets i deures dels estrangers : |b manual pràctic per a la convivència ciutadana | ||
| 260 | |a [Barcelona] : |b Consorci de Recursos per a la Integració de la Diversitat, |c 2003 | ||
| 300 | |a 159 p. ; |c 24 cm | ||
| 590 | |a Índex. | ||
| 590 | |a A coberta: CRID ; Diputació de Barcelona. Xarxa de municipis. | ||
| 650 | 0 | |a Estrangers |x Drets civils |z Catalunya |9 44811 | |
| 710 | 1 | |a Barcelona (Catalunya : Província). |b Diputació |9 52408 | |
| 710 | |a Consorci de Recursos per a la Integració de la Diversitat |9 69856 | ||
| 901 | |a Arxiu | ||
| 942 | |n 1 | ||
| 952 | |0 0 |1 0 |4 0 |6 M4320 |7 1 |9 47809 |a Arxiu |b Arxiu |d 2016-12-01 |l 0 |o M-4-320 |p 15777 |r 2016-12-01 00:00:00 |w 2016-12-01 |y ARXIU | ||
| 999 | |c 51608 |d 51608 | ||